| 000 | 007940000a22002410004500 | ||
|---|---|---|---|
| 090 |
_aAR _b01518 |
||
| 245 | 1 | 0 | _aBat activity and pollination of Bauhinia pauletia: plant-pollinator coevolution |
| 650 | 1 | 4 |
_aEtología _97606 |
| 650 | 1 | 4 |
_aCoevolución _97461 |
| 650 | 1 | 4 |
_aPolinización _994027 |
| 650 | 1 | 4 |
_aRelación planta-animal _992861 |
| 651 | 4 |
_lCañas _dGuanacaste _pCosta Rica _992749 |
|
| 653 |
_gBauhinia _eBauhinia pauletia |
||
| 653 |
_gPhyllostomus _ePhyllostomus discolor |
||
| 653 |
_gGlossophaga _eGlossophaga soricina |
||
| 653 |
_gArtibeus _eArtibeus jamaicensis |
||
| 041 | 0 | _aInglés | |
| 700 | 1 |
_aOpler, Paul A. _914621 |
|
| 700 | 1 |
_aBaker, Herbert G. _992811 |
|
| 100 | 1 |
_aHeithaus, E. Reymond _993974 |
|
| 942 | _cARTICULO | ||
| 773 | 1 |
_tEcology _357 _q412-419 _d1974 _g55 |
|
| 999 |
_c10601 _d10601 |
||